000 00872cab a22002535a 4500
001 L158341
008 150113e2015 xxk 000 0 eng d
035 _a(Sirsi) u158341
041 0 _aeng
100 1 _aMcCartney, Aine
245 0 0 _aTough act to follow
260 _c2015
490 _aRICS Property Journal
_vSeptember-October 2015, 46-47 (2)
520 _aProvides an overview of the Party Wall Act and an update of recent cases.
650 2 4 _aParty walls
_96258
650 2 4 _aPATEL AND ANOTHER V PETERS AND OTHERS
650 2 4 _aRASHID V SHARIF
650 2 4 _aDILLARD V F&C COMMERCIAL PROPERTY HOLDINGS
651 4 _aUnited Kingdom
_y
690 _aPlanning and development
_96259
700 1 _aCobb, Laurence
856 4 0 _uhttps://www.rics.org/uk/news/journals/property-journal
_zView the journal free of charge at www.rics.org/journals...
942 _n0
999 _c84571
_d84571